• 首页
  • 本馆介绍
  • 公告通知
  • 最新文献
  • 馆藏检索
  • 电子资源
  • 读者导购
  • 参考咨询
  • 我的图书馆
  • 登录
  • 详细信息显示
  • 放入我的书架
  • 预约/预借图书
  • 作者相关作品
  • 分类相关作品
  • 丛书相关作品
  • 出版社相关作品

书目信息

  • 表格格式
  • 工作单格式
  • 卡片格式
书名: Anthology of American literature
作者:
分册号:
分册名: Colonial Through Romantic,Part 1
出版地: New York :
 
出版社: Macmillan Publishing company
出版时间: 1985.
页数: 912 p. ;
开本: 20cm.
丛书名:
中图分类号:
科图分类号:
其他分类号: I712.11
主题词:
电子资源:
000 00452nam 2200145 a 4500
001 E0738474442
005 20070228161331.10
008 070227s1985 00010 eng
020    @a0-937932-01-9.
040    @aPFT@beng
090    @aI712.11
099    @dI712.11@ex1
245    @aAnthology of American literature.@nVolume Ⅰ,@pColonial Through Romantic,Part 1@s(Third Edition).
260    @aNew York :@bMacmillan Publishing company,@c1985.
300    @a912 p. ;@c20cm.
    
    Anthology of American literature.. Volume Ⅰ,. Colonial Through Romantic,Part 1 ((Third Edition).).-New York : : Macmillan Publishing company, , 1985.
    912 p. ; ; 20cm.
    
    
    ISBN 0-937932-01-9.
    
●
相关链接 在E读中查询图书 在五车中查询图书 在当当中查询图书 在豆瓣中查询图书


正题名:Anthology of American literature     索取号:I712.11/x1         预约/预借

序号 登录号 条形码 馆藏地/架位号 状态 备注
1 181073   001683734   第四借阅区/ [索取号:I712.11/x1] 在馆    
2 181074   001683805   第四借阅区/ [索取号:I712.11/x1] 在馆    
3 181075   001683789   第四借阅区/ [索取号:I712.11/x1] 在馆    
4 181076   001683798   第四借阅区/ [索取号:I712.11/x1] 在馆    
5 181077   001683743   第二样本阅览室/ [索取号:I712.11/x1] 在馆    
唐山师范学院图书馆 欢迎您!
大连网信软件有限公司© 版权所有